|
|
|
|
| LEADER |
00000nam0a2200000 4500 |
| 001 |
244212 |
| 005 |
20231101232030.0 |
| 010 |
|
|
|a 9785438702276
|
| 035 |
|
|
|a (RuTPU)RU\TPU\book\265594
|
| 090 |
|
|
|a 244212
|
| 100 |
|
|
|a 20131017d2013 k y0rusy50 ca
|
| 101 |
0 |
|
|a rus
|
| 102 |
|
|
|a RU
|
| 105 |
|
|
|a a z 001zy
|
| 200 |
1 |
|
|a Системы автоматического регулирования распределения нейтронного потока в ядерных реакторах
|e монография
|f В. И. Карначук
|g Национальный исследовательский Томский политехнический университет (ТПУ)
|
| 210 |
|
|
|a Томск
|c Изд-во ТПУ
|d 2013
|
| 215 |
|
|
|a 160 с.
|c ил.
|
| 320 |
|
|
|a Библиогр.: с. 157-159.
|
| 330 |
|
|
|a В монографии представлены результаты научно-исследовательской работы автора в области автоматического управления мощностью ядерных реакторов, в частности управления распределением мощности по объему активной зоны. Представлены различные подходы к математическому моделированию распределения нейтронного потока, особое внимание уделено методам сеточного моделирования. Проводится анализ работы различных автоматических многосвязных систем регулирования нейтронного поля, приведены результаты лабораторных и производственных испытаний этих систем. Предназначена для специалистов по управлению мощностью ядерных реакторов, а также студентов и аспирантов физико-технических специальностей, специализирующихся в разработке и эксплуатации аппаратуры и систем управления ядерных реакторов.
|
| 452 |
|
1 |
|0 (RuTPU)RU\TPU\book\267660
|t Системы автоматического регулирования распределения нейтронного потока в ядерных реакторах
|o монография
|f В. И. Карначук
|g Национальный исследовательский Томский политехнический университет (ТПУ), Физико-технический институт (ФТИ), Кафедра электроники и автоматики физических установок (№ 24) (ЭАФУ)
|c Томск
|n Изд-во ТПУ
|d 2013
|a Карначук, Виктор Иванович
|
| 606 |
1 |
|
|a Ядерные реакторы
|x Управление
|x Регулирование
|2 stltpush
|3 (RuTPU)RU\TPU\subj\21693
|9 46647
|
| 610 |
1 |
|
|a многомерные управляемые реакторы
|
| 610 |
1 |
|
|a математические модели
|
| 610 |
1 |
|
|a автоматическое регулирование
|
| 610 |
1 |
|
|a аналитическое представление
|
| 610 |
1 |
|
|a мощность
|
| 610 |
1 |
|
|a подсистемы
|
| 610 |
1 |
|
|a функциональное разделение
|
| 610 |
1 |
|
|a нейтронные потоки
|
| 610 |
1 |
|
|a распределение
|
| 610 |
1 |
|
|a сеточное моделирование
|
| 610 |
1 |
|
|a монографии
|
| 610 |
1 |
|
|a труды учёных ТПУ
|
| 675 |
|
|
|a 621.039.56
|v 3
|
| 700 |
|
1 |
|a Карначук
|b В. И.
|c специалист в области ядерных технологий
|c инженер Томского политехнического университета, кандидат технических наук
|f 1937-
|g Виктор Иванович
|2 stltpush
|3 (RuTPU)RU\TPU\pers\28631
|
| 712 |
0 |
2 |
|a Национальный исследовательский Томский политехнический университет (ТПУ)
|c (2009- )
|2 stltpush
|3 (RuTPU)RU\TPU\col\15902
|
| 801 |
|
1 |
|a RU
|b 63413507
|c 20131017
|
| 801 |
|
2 |
|a RU
|b 63413507
|c 20131126
|g RCR
|
| 942 |
|
|
|c BK
|